NHL Stanley Cup Losing Coaches - Statistics

General Stats
  • This quiz has been taken 17 times
    12 since last reset
  • The average score is 31 of 97
Answer Stats
Year Team Coach % Correct
2022 Lightning Jon Cooper
100%
2023 Panthers Paul Maurice
100%
2011 Canucks Alain Vigneault
82%
2013 Bruins Claude Julien
82%
2015 Lightning Jon Cooper
82%
2009 Red Wings Mike Babcock
82%
2003 Ducks Mike Babcock
82%
2019 Bruins Bruce Cassidy
73%
2018 Golden Knights Gerard Gallant
73%
2016 Sharks Peter DeBoer
73%
2017 Predators Peter Laviolette
73%
1984 Islanders Al Arbour
64%
2000 Stars Ken Hitchcock
64%
2024 Oilers Kris Knoblauch
64%
2008 Penguins Michel Therrien
64%
2012 Devils Peter DeBoer
64%
2020 Stars Rick Bowness
64%
2014 Rangers Alain Vigneault
55%
2004 Flames Darryl Sutter
55%
2021 Canadiens Dominique Ducharme
55%
1983 Oilers Glen Sather
55%
1999 Sabres Lindy Ruff
55%
2002 Hurricanes Paul Maurice
55%
2010 Flyers Peter Laviolette
55%
1995 Red Wings Scotty Bowman
55%
2006 Oilers Craig MacTavish
45%
2001 Devils Larry Robinson
45%
1970 Blues Scotty Bowman
45%
1969 Blues Scotty Bowman
45%
1968 Blues Scotty Bowman
45%
2007 Senators Bryan Murray
36%
1978 Bruins Don Cherry
36%
1977 Bruins Don Cherry
36%
1976 Flyers Fred Shero
36%
1994 Canucks Pat Quinn
36%
1998 Capitals Ron Wilson
36%
1997 Flyers Terry Murray
36%
1993 Kings Barry Melrose
27%
1952 Canadiens Dick Irvin
27%
1951 Canadiens Dick Irvin
27%
1996 Panthers Doug MacLean
27%
1992 Blackhawks Mike Keenan
27%
1987 Flyers Mike Keenan
27%
1985 Flyers Mike Keenan
27%
1990 Bruins Mike Milbury
27%
1989 Canadiens Pat Burns
27%
1967 Canadiens Toe Blake
27%
1930 Bruins Art Ross
18%
1927 Bruins Art Ross
18%
1986 Flames Bob Johnson
18%
1955 Canadiens Dick Irvin
18%
1954 Canadiens Dick Irvin
18%
1947 Canadiens Dick Irvin
18%
1940 Maple Leafs Dick Irvin
18%
1939 Maple Leafs Dick Irvin
18%
1938 Maple Leafs Dick Irvin
18%
1936 Maple Leafs Dick Irvin
18%
1935 Maple Leafs Dick Irvin
18%
1933 Maple Leafs Dick Irvin
18%
1945 Red Wings Jack Adams
18%
1942 Red Wings Jack Adams
18%
1941 Red Wings Jack Adams
18%
1960 Maple Leafs Punch Imlach
18%
1959 Maple Leafs Punch Imlach
18%
1962 Blackhawks Rudy Pilous
18%
1974 Bruins Bep Guidolin
9%
1973 Blackhawks Billy Reay
9%
1971 Blackhawks Billy Reay
9%
1965 Blackhawks Billy Reay
9%
1991 North Stars Bob Gainey
9%
1931 Blackhawks Dick Irvin
9%
1946 Bruins Dit Clapper
9%
1928 Maroons Eddie Gerard
9%
1972 Rangers Emile Francis
9%
1975 Sabres Floyd Smith
9%
1979 Rangers Fred Shero
9%
1981 North Stars Glen Sonmor
9%
1934 Red Wings Jack Adams
9%
1956 Red Wings Jimmy Skinner
9%
1937 Rangers Lester Patrick
9%
1932 Rangers Lester Patrick
9%
1929 Rangers Lester Patrick
9%
1953 Bruins Lynn Patrick
9%
1950 Rangers Lynn Patrick
9%
1958 Bruins Milt Schmidt
9%
1957 Bruins Milt Schmidt
9%
1980 Flyers Pat Quinn
9%
1944 Blackhawks Paul Thompson
9%
1982 Canucks Roger Neilson
9%
1966 Red Wings Sid Abel
9%
1964 Red Wings Sid Abel
9%
1963 Red Wings Sid Abel
9%
1961 Red Wings Sid Abel
9%
1988 Bruins Terry O'Reilly
9%
1949 Red Wings Tommy Ivan
9%
1948 Red Wings Tommy Ivan
9%
1943 Blackhawks Art Ross
0%
No matching quizzes found
Score Distribution
Percent of People with Each Score
Percentile by Number Answered
Your Score History
You have not taken this quiz since the last reset